Porsche Modelle - Statistiken

Allgemein
  • Dieses Quiz wurde 280 mal gespielt
  • Das Durchschnittsergebnis liegt bei 9 aus 90
Antwortstatistiken
Hint Antwort % Korrekt
911 911 S/T
86%
911 911 Turbo
41%
911 911 GT3
40%
Taycan Taycan
40%
Panamera Panamera
37%
Cayenne Cayenne
35%
911 911 Carrera
34%
Macan Macan
34%
911 911 GT3 RS
33%
911 911 Turbo S
32%
718 718 Cayman
27%
Taycan Taycan Turbo
26%
911 911 Carrera S
22%
718 718 Spyder
20%
911 911 Carrera 4
19%
Panamera Panamera Turbo S
19%
Taycan Taycan Turbo S
19%
718 718 Cayman S
18%
911 911 Carrera 4S
17%
Cayenne Cayenne S
17%
Macan Macan S
17%
718 718 Boxster
16%
718 718 Cayman GT4
15%
Macan Macan GTS
15%
Macan Macan T
15%
Panamera Panamera GTS
15%
Taycan Taycan GTS
15%
911 911 Carrera GTS
14%
Taycan Taycan 4S
13%
718 718 Boxster S
11%
718 718 Cayman GT4 RS
10%
Panamera Panamera 4
10%
911 911 Carrera T
9%
Panamera Panamera 4S
9%
911 911 Carrera 4 GTS
7%
718 718 Spyder RS
6%
911 911 Dakar
6%
911 911 Carrera Cabriolet
5%
911 911 Targa 4
5%
718 718 Cayman GTS 4.0
4%
911 911 Carrera S Cabriolet
4%
911 911 Targa 4S
4%
Cayenne Cayenne Coupé
4%
Panamera Panamera Turbo S E-Hybrid
4%
Taycan Taycan Sport Turismo
4%
718 718 Boxster GTS 4.0
3%
911 911 Carrera 4S Cabriolet
3%
911 911 Carrera GTS Cabriolet
3%
911 911 Turbo Cabriolet
3%
911 911 Turbo S Cabriolet
3%
718 718 Boxster Style Edition
2%
718 718 Cayman Style Edition
2%
911 911 Carrera 4 Cabriolet
2%
911 911 Carrera 4 GTS Cabriolet
2%
911 911 Targa 4 GTS
2%
Cayenne Cayenne E-Hybrid
2%
Taycan Taycan 4S Cross Turismo
2%
911 911 GT3 mit Touring-Paket
1%
Panamera Panamera 4 E-Hybrid
1%
Panamera Panamera 4 E-Hybrid Sport Turismo
1%
Panamera Panamera 4 Executive
1%
Panamera Panamera 4S E-Hybrid
1%
Panamera Panamera 4S E-Hybrid Executive
1%
Panamera Panamera 4S E-Hybrid Sport Turismo
1%
Panamera Panamera 4 Sport Turismo
1%
Panamera Panamera 4S Sport Turismo
1%
Panamera Panamera GTS Sport Turismo
1%
Panamera Panamera Turbo S E-Hybrid Executive
1%
Panamera Panamera Turbo S E-Hybrid Sport Turismo
1%
Panamera Panamera Turbo S Executive
1%
Panamera Panamera Turbo S Sport Turismo
1%
Taycan Taycan 4 Cross Turismo
1%
Taycan Taycan 4S Sport Turismo
1%
Taycan Taycan GTS Sport Turismo
1%
Taycan Taycan Turbo Cross Turismo
1%
Taycan Taycan Turbo S Cross Turismo
1%
Taycan Taycan Turbo Sport Turismo
1%
Taycan Taycan Turbo S Sport Turismo
1%
911 911 Edition 50 Jahre Porsche Design
0%
Cayenne Cayenne E-Hybrid Coupé
0%
Cayenne Cayenne S Coupé
0%
Cayenne Cayenne Turbo E-Hybrid
0%
Cayenne Cayenne Turbo E-Hybrid Coupé
0%
Cayenne Cayenne Turbo E-Hybrid Coupé mit GT-Paket
0%
Panamera Panamera 4 E-Hybrid Executive
0%
Panamera Panamera 4 E-Hybrid Platinum Edition
0%
Panamera Panamera 4 E-Hybrid Sport Turismo Platinum Edition
0%
Panamera Panamera 4 Platinum Edition
0%
Panamera Panamera 4S Executive
0%
Panamera Panamera 4 Sport Turismo Platinum Edition
0%
Keine übereinstimmenden Quizze gefunden
Verteilung der Resultate
Anzahl Personen mit jedem Resultat
Perzentil nach korrekt beantworteten Fragen
Ihre Resultats-Entwicklung
Sie haben dieses Quiz noch nicht gespielt